KFZ-Kennzeichen Mecklenburg-Vorpommern - Statistiken

Allgemein
  • Dieses Quiz wurde 67 mal gespielt
    44 seit der letzten Aktualisierung
  • Das Durchschnittsergebnis liegt bei 24 aus 43
Antwortstatistiken
Hint Antwort % Korrekt
ANK Anklam
89%
DBR Bad Doberan
81%
Güstrow
81%
HRO Rostock
81%
GW Greifswald
74%
LRO Landkreis Rostock
74%
LWL Ludwigslust
74%
GVM Grevesmühlen
70%
HGN Hagenow
70%
MÜR Müritz
70%
NWM Nordwestmecklenburg
70%
ROS Rostock
70%
RÜG Rügen
70%
HWI Wismar
70%
BÜZ Bützow
67%
DM Demmin
67%
LBZ Lübz
67%
PCH Parchim
67%
SN Schwerin
67%
HST Stralsund
67%
HGW Greifswald
63%
NB Neubrandenburg
63%
GDB Gadebusch
56%
NVP Nordvorpommern
56%
TET Teterow
52%
WIS Wismar
52%
LUP Ludwigslust, Parchim
48%
MSE Mecklenburgische Seenplatte
44%
NZ Neustrelitz
44%
PW Pasewalk
44%
UEM Ueckermünde
44%
WRN Waren
44%
AT Altentreptow
41%
MST Mecklenburg-Strelitz
41%
VG Vorpommern-Greifswald
41%
VR Vorpommern-Rügen
41%
MC Malchin
37%
GMN Grimmen
33%
WLG Wolgast
33%
RDG Ribnitz-Damgarten
30%
STB Sternberg
30%
RM Röbel-Müritz
22%
SBG Strasburg
7%
Keine übereinstimmenden Quizze gefunden
Verteilung der Resultate
Anzahl Personen mit jedem Resultat
Perzentil nach korrekt beantworteten Fragen
Ihre Resultats-Entwicklung
Sie haben dieses Quiz seit der letzten Aktualisierung nicht gespielt